Hanging in the balance (Record no. 71220)

MARC details
000 -LEADER
fixed length control field 00787cam a2200193 4500
001 - CONTROL NUMBER
control field ABS65929
008 - FIXED-LENGTH DATA ELEMENTS--GENERAL INFORMATION
fixed length control field 020925n2002 000 0 eng u
035 ## - SYSTEM CONTROL NUMBER
System control number (Sirsi) u119838
100 ## - MAIN ENTRY--PERSONAL NAME
Personal name Helps, D
245 ## - TITLE STATEMENT
Title Hanging in the balance
260 ## - PUBLICATION, DISTRIBUTION, ETC.
Date of publication, distribution, etc. 2002
490 ## - SERIES STATEMENT
Series statement Building
Volume/sequential designation 267(8245) 2 August 2002, 43(1)
520 ## - SUMMARY, ETC.
Summary, etc. Discusses whether it is acceptable to bring in new arguments or evidence once an adjudication has started, with a review of the recent judgments in "Edmund Nuttall Ltd v R G Carter Ltd".
590 ## - LOCAL NOTE (RLIN)
Local note ABS
650 ## - SUBJECT ADDED ENTRY--TOPICAL TERM
Topical term or geographic name entry element MANAGEMENT-DISPUTE AVOIDANCE, MANAGEMENT AND RESOLUTION-DISPUTE MANAGEMENT AND RESOLUTION-ALTERNATIVE DISPUTE RESOLUTION-ADJUDICATION
650 ## - SUBJECT ADDED ENTRY--TOPICAL TERM
Topical term or geographic name entry element EDMUND NUTTALL LTD V R G CARTER LTD
690 ## - LOCAL SUBJECT ADDED ENTRY--TOPICAL TERM (OCLC, RLIN)
Topical term or geographic name as entry element Dispute resolution
9 (RLIN) 6236
942 ## - ADDED ENTRY ELEMENTS (KOHA)
Suppress in OPAC 0
Holdings
Withdrawn status Lost status Source of classification or shelving scheme Damaged status Not for loan Home library Current library Shelving location Date acquired Total Checkouts Full call number Barcode Date last seen Copy number Price effective from Koha item type
    Dewey Decimal Classification     London London Journal article 25/09/2002   ABS65929 119838-1001 06/08/2019 1 06/08/2019 Journal article